000
00316nam a2200133Ia 4500
100
_a
Karger/ D.W./ Murdick/ R.G
942
_c
RB
654
_a
Engg. and Research
245
_a
Managing Engineering and Research
260
_b
Industrial Press
_a
New York
_c
1969
082
_a
658
300
_a
534
546
_a
ENGLISH
999
_c
35055
_d
35055